000 00308nam a22001457a 4500
999 _c55049
_d55049
008 200205b ||||| |||| 00| 0 eng d
020 _a04032006
041 _aeng
080 _2615.83
_a615.83
082 _a615.83
100 _a8
101 _aEGZ
245 _aAkupunktura
_cSadiku,R
942 _2udc
_cBK